000 00542nmm a2200169Ia 4500
008 251105s9999||||xx |||||||||||||||||und||
020 _a9789681618506
041 _aspa
100 _aZaid, Gabriel
245 0 _aDaniel Cosío Villegas Imprenta y vida pública :
_b Imprenta y vida pública
264 _a[México D.C., Mexico] :
_bFondo de Cultura Económica,
_c2014
300 _a182 páginas
490 _aVida y Pensamiento de México
650 _aBiography
856 _uhttps://public.digitaliapublishing.com/a/43629
942 _cCF
999 _c96771
_d96771